Shape Venn Diagram IX Quiz Stats

 Plays Quiz Updated Mar 17, 2020

Support Sporcle.
Go Orange.
Score 0/27 Timer 05:00
2 Plays Today
% Correct
???
92.7%
???
92.7%
???
92.2%
???
92.1%
???
92%
???
92%
???
91.7%
???
91.5%
???
91.5%
???
91.3%
???
91.2%
???
91.1%
???
90.9%
???
90.6%
% Correct
???
90.3%
???
89.8%
???
89.8%
???
89.6%
???
89.3%
???
89.2%
???
88%
???
87.8%
???
87.8%
???
87.7%
???
86.8%
???
86.8%
???
82.1%

From the Vault

NFL Top QB by Passer Rating per Year

by bhenderson79

Sports 12m
How could you pass on a top-rated quiz like this?
Remove Ads.
Support Sporcle.
Get the best of Sporcle when you Go Orange. This ad-free experience offers more features, more stats, and more fun while also helping to support Sporcle. Thank you for becoming a member.

Show Comments

Extras

Top Quizzes Today


Score Distribution

Your Account Isn't Verified!

In order to create a playlist on Sporcle, you need to verify the email address you used during registration. Go to your Sporcle Settings to finish the process.

Report this User

Report this user for behavior that violates our Community Guidelines.

Details: